000 00520nam a2200133Ia 4500
008 220216s9999 xx 000 0 und d
100 _aMaya K S
245 0 _aPreparation of in situ precipitated silica filled styrene butadiene rubber composites and its comparison with commercial silica composites
260 _bProceedings of the Asia Rub Tech Expo, 23-25 November 2006, Indian Rubber Institute, Kochi. pp.130.
650 _aStyrene butadiene latex
650 _aVulcanizates
700 _aJoseph Rani
942 _cJS
999 _c65601
_d65601